| 000 | 00520nam a22001817a 4500 | ||
|---|---|---|---|
| 005 | 20240920140749.0 | ||
| 008 | 240918b |||||||| |||| 00| 0 eng d | ||
| 020 | _a978-93-89627-60-2 | ||
| 041 | _aeng | ||
| 082 | _a615.7 | ||
| 100 |
_aINDULATHA , DR. V.N. & KUMAR,DR. RAKESH AND TIWARI, DR.NEHA _98535 |
||
| 245 | _aMEDICINAL CHEMISTRY - III [B.PHARMA, 6TH SEMESTER] | ||
| 250 | _a1ST RE-PRINT ED. 2023 | ||
| 260 |
_aLUCKNOW _bTHAKUR PUBLICATION |
||
| 300 | _a256; P | ||
| 650 |
_aPHARMACY _xB.PHARMA |
||
| 942 | _cBK | ||
| 999 |
_c8664 _d8662 |
||